Statistics for Rappers by Picture #1

Click here to take the quiz!

General Stats

  • This quiz has been taken 491 times
    (424 since last reset)
  • The average score is 8 of 10

Answer Stats

Answer% Correct
Kanye West
100%
Eminem
98%
Ice Cube
94%
Jay-Z
93%
Tyler, The Creator
92%
The Notorious B.I.G.
91%
Pharrell Williams
75%
Wiz Khalifa
71%
Rick Ross
51%
B-Real
5%

Score Distribution

Percentile by Number Answered

Percent of People with Each Score

Your Score History

You have not taken this quiz since the last reset